German Brands With Hints - Statistics

General Stats
  • This quiz has been taken 83 times
    82 since last reset
  • The average score is 14 of 20
Answer Stats
Hint % Correct
Sportswear brand founded by Adolf Dassler Adidas
98%
Car manufacturer producing the famous "G-Wagon" Mercedes-Benz
97%
Car manufacturer with four rings in their logo Audi
95%
Car manufacturer involved into a diesel scandal in 2015 Volkswagen
91%
Car manufacturer with a horse in its logo Porsche
89%
Rival of the above, the largest supermarket chain in Europe Lidl
88%
Supermarket chain, divided into "South" and "North" in Germany Aldi
84%
Candy producer famous for their gummybears Haribo
84%
Car manufacturer whose logo represents a plane engine BMW
81%
Largest German airline and flag carrier Lufthansa
80%
Rival company founded by his brother Rudolf Puma
75%
Pharmaceutical company famous for Aspirin Bayer
66%
Shoe manufacturer, known for its sandals and other shoes with cork footbeds Birkenstock
64%
Herbal liqueur made with 56 herbs and spices Jägermeister
63%
Worldwide operating parcel and cargo service DHL
61%
Insurance company, having sponsoring rights for multiple stadiums around the world Allianz
48%
Engineering and technology conglomerate, known for hand-held electric tools Bosch
48%
Software company and Germany´s most valuable company SAP
44%
Pharmaceutical company that developed a vaccine against Covid-19 BioNTech
38%
Technology conglomerate, also making high-end medical equipment Siemens
38%
No matching quizzes found
Score Distribution
Percent of People with Each Score
Percentile by Number Answered
Your Score History
You have not taken this quiz since the last reset